| 000 | 00564nam a2200229Ia 4500 | ||
|---|---|---|---|
| 003 | OSt | ||
| 005 | 20220924151941.0 | ||
| 006 | a|||||r|||| 00| 0 | ||
| 007 | ta | ||
| 008 | 220923b |||||||| |||| 00| 0 mar d | ||
| 024 | _a340084 | ||
| 037 | _cTextual | ||
| 040 |
_aARTS _cARTS _bmar |
||
| 041 |
_2mar _amar |
||
| 082 | _aO155,1N162,3, H3 | ||
| 100 |
_aMarathe _9205052 |
||
| 245 | 0 | _aSansar | |
| 260 | _c1943 | ||
| 650 |
_aMARATHI LITERATURE _938000 |
||
| 942 |
_hO155,1N162,3, H3 _cTEXL _2CC |
||
| 999 |
_c468166 _d468166 |
||